000 01128nam a22003497a 4500
003 CHAP
005 20220329135601.0
008 971013s1959 r 00010 d
010 _a38863
011 _a39835
035 _a43960
040 _cCHAP
090 _aTesis
100 0 0 _aMolina Galán, José D.
_977352
245 _aComportamiento de un carácter de enanismo en maíces tropicales
260 _a(s.l.) :
_bEl autor,
_c1959
300 _a37 h.
_b: ilus
500 _ac.4-6 bodega
502 _aTesis (Ing. Agr. Esp. en Fitotecnia) -- ENA. Departamento de Fitotecnia
590 _aALEPH
_b10
_c20130110
_lUCH01
_h1305
590 _aBATCH-UPD
_b10
_c20130110
_lUCH01
_h1719
590 _aBATCH-UPD
_b10
_c20130410
_lUCH01
_h1103
590 _aBATCH-UPD
_b10
_c20130914
_lUCH01
_h1751
590 _aCONVERSION
_b10
_c20130109
_lUCH01
_h1322
650 1 4 _aMaíz
_xGenética.
_970963
650 1 4 _aMaíz
_xMejoramiento.
_971006
901 _aBK
942 _cFOLL
949 _bBC
_cTES
_d-100605
_eTS1
_i43960
_si
949 _bBC
_cTES
_d-100606
_eTS2
_fc.2
_i43960
_si
949 _bBC
_cTES
_d33724000983235
_eTS2
_fc.3
_i43960
_si
999 _c38863
_d38863